<?xml version="1.0" encoding="UTF-8"?><?xml-stylesheet type="text/xsl" href="static/style.xsl"?><OAI-PMH xmlns="http://www.openarchives.org/OAI/2.0/" xmlns:xsi="http://www.w3.org/2001/XMLSchema-instance" xsi:schemaLocation="http://www.openarchives.org/OAI/2.0/ http://www.openarchives.org/OAI/2.0/OAI-PMH.xsd"><responseDate>2026-06-29T02:44:57Z</responseDate><request verb="GetRecord" identifier="oai:docta.ucm.es:20.500.14352/119716" metadataPrefix="marc">https://docta.ucm.es/rest/oai/request</request><GetRecord><record><header><identifier>oai:docta.ucm.es:20.500.14352/119716</identifier><datestamp>2025-04-25T23:54:57Z</datestamp><setSpec>com_20.500.14352_14</setSpec><setSpec>col_20.500.14352_15</setSpec></header><metadata><record xmlns="http://www.loc.gov/MARC21/slim" xmlns:dcterms="http://purl.org/dc/terms/" xmlns:xsi="http://www.w3.org/2001/XMLSchema-instance" xmlns:doc="http://www.lyncode.com/xoai" xsi:schemaLocation="http://www.loc.gov/MARC21/slim http://www.loc.gov/standards/marcxml/schema/MARC21slim.xsd">
   <leader>00925njm 22002777a 4500</leader>
   <datafield ind2=" " ind1=" " tag="042">
      <subfield code="a">dc</subfield>
   </datafield>
   <datafield ind2=" " ind1=" " tag="720">
      <subfield code="a">Durán-Cristiano, Sandra Carolina</subfield>
      <subfield code="e">author</subfield>
   </datafield>
   <datafield ind2=" " ind1=" " tag="720">
      <subfield code="a">De Diego García, Laura</subfield>
      <subfield code="e">author</subfield>
   </datafield>
   <datafield ind2=" " ind1=" " tag="720">
      <subfield code="a">Martín Gil, Alba</subfield>
      <subfield code="e">author</subfield>
   </datafield>
   <datafield ind2=" " ind1=" " tag="720">
      <subfield code="a">Carracedo Rodríguez, Juan Gonzalo</subfield>
      <subfield code="e">author</subfield>
   </datafield>
   <datafield ind2=" " ind1=" " tag="260">
      <subfield code="c">2025-03-20</subfield>
   </datafield>
   <datafield ind2=" " ind1=" " tag="520">
      <subfield code="a">The ubiquitin-proteasome system (UPS) is a fundamental process that regulates various biological functions, including immune response, cell cycle, oxidative stress, migration, and cellular proliferation. This system is responsible for the degradation of proteins, while proteasomes play a significant role in mechanisms involved in health and human diseases. The participation of the UPS in immune response is particularly relevant, leading to the involvement of immunoproteasomes. This specialized proteasome is involved in the processing and presentation of antigenic peptides, making it crucial for proper immune function. Moreover, the impact of the UPS is considered essential in understanding several diseases, such as neurodegenerative disorders, infections, and vascular diseases. The dysregulation of the UPS may contribute to the pathogenesis of these conditions, highlighting its importance as a potential therapeutic target. Interestingly, the UPS is also related to ocular structures, playing a role in visual perception and ocular homeostasis. This involvement in the regulation of various ocular processes suggests its potential impact on both anterior and posterior eye pathologies. This review aims to discuss the general considerations of the UPS and provide information about its participation in anterior and posterior eye pathologies. By understanding its role in ocular health and disease, researchers and clinicians may explore novel therapeutic strategies targeting the UPS for the treatment of various eye conditions. In conclusion, the UPS is a crucial player in biological processes, with far-reaching implications in health and disease, including the anterior and posterior segments of the eye. Further research in this field may lead to the development of innovative therapies and a better understanding of the complex mechanisms underlying various eye disorders.</subfield>
   </datafield>
   <datafield ind1="8" ind2=" " tag="024">
      <subfield code="a">Durán-Cristiano SC, de Diego-García L, Martín-Gil A, Carracedo G. The Role of the Ubiquitin System in Eye Diseases. Life (Basel). 2025 Mar 20;15(3):504. doi: 10.3390/life15030504. PMID: 40141848; PMCID: PMC11943997.</subfield>
   </datafield>
   <datafield ind1="8" ind2=" " tag="024">
      <subfield code="a">10.3390/life15030504</subfield>
   </datafield>
   <datafield ind1="8" ind2=" " tag="024">
      <subfield code="a">https://hdl.handle.net/20.500.14352/119716</subfield>
   </datafield>
   <datafield ind1="8" ind2=" " tag="024">
      <subfield code="a">https://doi.org/10.3390/life15030504</subfield>
   </datafield>
   <datafield ind1="8" ind2=" " tag="024">
      <subfield code="a">40141848</subfield>
   </datafield>
   <datafield ind2="0" ind1="0" tag="245">
      <subfield code="a">The Role of the Ubiquitin System in Eye Diseases</subfield>
   </datafield>
</record></metadata></record></GetRecord></OAI-PMH>